| 000 | 00613nam a2200217Ia 4500 | ||
|---|---|---|---|
| 008 | 160803s9999 xx 000 0 und d | ||
| 020 | _a0 439442605 | ||
| 100 | _aNumerroff, Laura | ||
| 245 | _aIf you take a mouse to school / | ||
| 245 | _cby Laura Numeroff ; illustrated by Felicia Bond. | ||
| 260 | _aNew York : | ||
| 260 | _bScholastic Inc. | ||
| 260 | _c2002 | ||
| 300 | _aunnumbered pages : | ||
| 300 | _bcolor illustrations ; | ||
| 300 | _c23 cm | ||
| 500 | _aOriginally published: New York : Laura Geringer Books, c2002. | ||
| 650 | _aAnimals -- | ||
| 650 | _xFiction. | ||
| 700 | _a190 | ||
| 999 |
_c299061 _d299061 |
||